[Event "Online Olym Div2 C"]
[Site "Chess.com INT"]
[Date "2021.09.03"]
[Round "4.2"]
[White "Frisk, Ellinor"]
[Black "Radosevic, Nevena"]
[Result "1/2-1/2"]
[WhiteElo "2176"]
[BlackElo "1693"]
[PlyCount "89"]
[EventDate "2021.09.02"]
[EventType "team (rapid)"]
[EventRounds "9"]
[EventCountry "USA"]
[SourceTitle "CBM 204 Extra"]
[Source "ChessBase"]
[SourceDate "2021.11.30"]
[SourceVersion "1"]
[SourceVersionDate "2021.11.30"]
[SourceQuality "1"]
[WhiteTeam "Sweden"]
[BlackTeam "Montenegro"]
[WhiteTeamCountry "SWE"]
[BlackTeamCountry "MNE"]

1. Nf3 d5 2. c4 Nf6 3. cxd5 Nxd5 4. g3 g6 5. Bg2 Bg7 6. 0-0 0-0 7. Nc3 Nxc3 8. bxc3 c5 9. Qc2 Qc7 10. d3 Nc6 11. Rb1 Rd8 12. Bf4 e5 13. Bg5 f6 14. Be3 Qe7 15. Nd2 f5 16. Nb3 Bd7 17. Bxc5 Qf7 18. Rfd1 b6 19. Ba3 Rac8 20. Qd2 Be6 21. Qe3 Ne7 22. Bxe7 Qxe7 23. d4 e4 24. Qd2 Bd5 25. e3 Qe6 26. Bf1 Bf8 27. Rdc1 Rc7 28. c4 Bxc4 29. Bxc4 Rxc4 30. Rxc4 Qxc4 31. Rc1 Qf7 32. Qc2 Qd7 33. Nd2 Bd6 34. Nc4 Kf7 35. Qb3 Ke7 36. Nxd6 Qxd6 37. Qa4 Qd7 38. Qb4+ Kf7 39. Qc4+ Kf8 40. Qc7 Ke8 41. Qe5+ Qe7 42. Qb5+ Qd7 43. Qe5+ Qe7 44. Qb5+ Qd7 45. Qe5+ 1/2-1/2

[Event "MNT-chT"]
[Site "Podgorica"]
[Date "2020.10.11"]
[Round "5.4"]
[White "Vuckovic, Marko1111"]
[Black "Radosevic, Nevena"]
[Result "1-0"]
[WhiteElo "2043"]
[BlackElo "1692"]
[PlyCount "107"]
[EventDate "2020.10.09"]
[EventType "team-tourn"]
[EventRounds "9"]
[EventCountry "MNE"]
[SourceTitle "CBM 198 Extra"]
[Source "ChessBase"]
[SourceDate "2020.11.30"]
[SourceVersion "1"]
[SourceVersionDate "2020.11.30"]
[SourceQuality "1"]
[WhiteTeam "Buducnost"]
[BlackTeam "Rudar"]
[WhiteTeamCountry "MNE"]
[BlackTeamCountry "MNE"]

1. e4 c5 2. Nf3 e6 3. d4 cxd4 4. Nxd4 Nc6 5. Nc3 a6 6. g3 Nf6 7. Bg2 Bb4 8. 0-0 0-0 9. Be3 Qc7 10. f4 d6 11. h3 Nxd4 12. Qxd4 Bc5 13. Qd2 Rb8 14. Rad1 Bxe3+ 15. Qxe3 b5 16. Rd2 Rd8 17. Rfd1 Bb7 18. g4 Rd7 19. g5 Ne8 20. h4 Rbd8 21. a3 Bc6 22. h5 Qa7 23. Qxa7 Rxa7 24. Kf2 Rad7 25. Ke3 Nc7 26. Bh3 Kf8 27. f5 Ke7 28. g6 hxg6 29. hxg6 Rh8 30. Bg4 exf5 31. exf5 f6 32. Kf4 Rh1 33. Rxh1 Bxh1 34. Rh2 Bc6 35. Re2+ Kd8 36. Bf3 Bxf3 37. Kxf3 Kc8 38. Ne4 Kb7 39. Rh2 Kc6 40. Rh7 Ne8 41. b4 Kd5 42. Kf4 Rc7 43. Rh2 Rc4 44. Rd2+ Kc6 45. Kf3 a5 46. bxa5 Ra4 47. Rd3 d5 48. Rc3+ Rc4 49. Rxc4+ bxc4 50. Ng3 Kb5 51. Ke3 Kc5 52. c3 Nd6 53. a4 Kc6 54. Kd4 1-0

[Event "MNT-ch (Women)"]
[Site "Podgorica"]
[Date "2020.03.09"]
[Round "7"]
[White "Mosurovic, Milena"]
[Black "Radosevic, Nevena"]
[Result "1/2-1/2"]
[WhiteElo "1353"]
[BlackElo "1693"]
[PlyCount "79"]
[EventDate "2020.03.05"]
[EventType "swiss"]
[EventRounds "7"]
[EventCountry "MNE"]
[SourceTitle "CBM 195 Extra"]
[Source "ChessBase"]
[SourceDate "2020.05.31"]
[SourceVersion "1"]
[SourceVersionDate "2020.05.31"]
[SourceQuality "1"]

1. e4 c5 2. Nf3 e6 3. b3 Nf6 4. e5 Nd5 5. c4 Nb6 6. Bb2 Nc6 7. Bd3 Be7 8. Be4 Qc7 9. 0-0 0-0 10. Re1 d5 11. exd6 Qxd6 12. Na3 a6 13. Qe2 Rd8 14. Nc2 Nd7 15. Rad1 Nf6 16. Bxc6 Qxc6 17. d4 cxd4 18. Rxd4 b6 19. Ne5 Qc7 20. Rxd8+ Bxd8 21. Rd1 Bb7 22. Ng4 Qc6 23. Nxf6+ Bxf6 24. Ne3 Bxb2 25. Qxb2 Rc8 26. f3 Qc5 27. Qd4 Kf8 28. Qd6+ Qxd6 29. Rxd6 b5 30. Rb6 Rc7 31. cxb5 axb5 32. Rxb5 Ba6 33. Ra5 Bd3 34. a4 Rb7 35. Ra8+ Ke7 36. a5 Rxb3 37. Ra7+ Ke8 38. Ra8+ Ke7 39. Ra7+ Ke8 40. Ra8+ 1/2-1/2

[Event "MNT-ch (Women)"]
[Site "Podgorica"]
[Date "2020.03.07"]
[Round "4"]
[White "Radosevic, Nevena"]
[Black "Milovic, Aleksandra"]
[Result "0-1"]
[WhiteElo "1693"]
[BlackElo "2186"]
[PlyCount "84"]
[EventDate "2020.03.05"]
[EventType "swiss"]
[EventRounds "7"]
[EventCountry "MNE"]
[SourceTitle "CBM 195 Extra"]
[Source "ChessBase"]
[SourceDate "2020.05.31"]
[SourceVersion "1"]
[SourceVersionDate "2020.05.31"]
[SourceQuality "1"]

1. d4 Nf6 2. c4 Nc6 3. Nf3 e6 4. Nc3 Bb4 5. Qc2 0-0 6. e4 d5 7. cxd5 exd5 8. e5 Ne4 9. Bd3 Bg4 10. Be3 f5 11. exf6 Qxf6 12. Bxe4 dxe4 13. Qxe4 Bxf3 14. gxf3 Qxf3 15. Qxf3 Rxf3 16. Ke2 Rf5 17. Ne4 Rd8 18. Rad1 Rfd5 19. Nc5 Nxd4+ 20. Bxd4 Rxd4 21. Nxb7 Rd2+ 22. Rxd2 Rxd2+ 23. Kf3 Rxb2 24. Rc1 Rxa2 25. Rxc7 Be1 26. Nd6 h6 27. Ne4 a5 28. h4 a4 29. Ra7 a3 30. Kg4 Bb4 31. Kf5 Rc2 32. Kg6 Rc6+ 33. Kh5 Re6 34. f3 Re5+ 35. Kg6 Re6+ 36. Kh5 Kh7 37. Kg4 Re5 38. h5 Kg8 39. Rd7 a2 40. Rd1 Rxe4+ 41. fxe4 Bc3 42. Kf5 a1Q 0-1

[Event "MNT-chT 1st League"]
[Site "Podgorica"]
[Date "2019.07.24"]
[Round "5.8"]
[White "Kovacevic, Dragoljub"]
[Black "Radosevic, Nevena"]
[Result "0-1"]
[WhiteElo "1715"]
[BlackElo "1653"]
[PlyCount "124"]
[EventDate "2019.07.20"]
[EventType "team-tourn"]
[EventRounds "9"]
[EventCountry "MNE"]
[SourceTitle "EXT 2020"]
[Source "ChessBase"]
[SourceDate "2019.10.17"]
[SourceVersion "1"]
[SourceVersionDate "2019.10.17"]
[SourceQuality "1"]
[WhiteTeam "Niksic"]
[BlackTeam "Rudar"]
[WhiteTeamCountry "MNE"]
[BlackTeamCountry "MNE"]

1. e4 c5 2. Nf3 e6 3. d4 cxd4 4. Nxd4 a6 5. Nc3 Nc6 6. Be2 Qc7 7. Be3 Nf6 8. 0-0 Be7 9. f4 d6 10. Nxc6 Qxc6 11. Bf3 e5 12. fxe5 dxe5 13. Nd5 Bd8 14. Qe2 b5 15. Qf2 0-0 16. c3 Be6 17. Rfd1 Rc8 18. Qg3 Bxd5 19. exd5 Qd6 20. Bg5 Bb6+ 21. Kh1 Nd7 22. Qh4 Rfe8 23. Be4 h6 24. Bc1 Rc4 25. Qe1 Nf6 26. Bc2 Rc5 27. Be4 Nxe4 28. Qxe4 Rd8 29. Be3 Rc4 30. Qf3 Bxe3 31. Qxe3 Rc5 32. Qe4 Rxd5 33. Rxd5 Qxd5 34. Qe2 Qd2 35. Qxd2 Rxd2 36. Rb1 e4 37. Kg1 f5 38. Kf1 Kf7 39. h3 Ke6 40. a4 Rc2 41. axb5 axb5 42. g3 Ke5 43. Rd1 Rxb2 44. Rd7 g5 45. Rh7 Rc2 46. Rxh6 Rxc3 47. h4 Rxg3 48. hxg5 Rxg5 49. Rb6 Kf4 50. Rxb5 Kf3 51. Rb2 e3 52. Rc2 Ke4 53. Ra2 Rg7 54. Ra8 Rb7 55. Ra4+ Kf3 56. Ra1 f4 57. Re1 Rb2 58. Kg1 Rg2+ 59. Kh1 e2 60. Ra1 Kf2 61. Ra2 Rg7 62. Rxe2+ Kxe2 0-1

[Event "MNT-chT 1st League"]
[Site "Podgorica"]
[Date "2019.07.20"]
[Round "1.8"]
[White "Radosevic, Nevena"]
[Black "Miletic, Vuk"]
[Result "0-1"]
[WhiteElo "1653"]
[BlackElo "2023"]
[PlyCount "66"]
[EventDate "2019.07.20"]
[EventType "team-tourn"]
[EventRounds "9"]
[EventCountry "MNE"]
[SourceTitle "EXT 2020"]
[Source "ChessBase"]
[SourceDate "2019.10.17"]
[SourceVersion "1"]
[SourceVersionDate "2019.10.17"]
[SourceQuality "1"]
[WhiteTeam "Rudar"]
[BlackTeam "Elektroprivreda"]
[WhiteTeamCountry "MNE"]
[BlackTeamCountry "MNE"]

1. d4 g6 2. c4 Bg7 3. Nc3 c5 4. d5 Bxc3+ 5. bxc3 f5 6. f3 d6 7. e4 fxe4 8. fxe4 Qa5 9. Qc2 Nf6 10. Bd3 Nbd7 11. Nf3 Ng4 12. 0-0 0-0 13. Bd2 Nde5 14. Be2 Bd7 15. Nxe5 Nxe5 16. Bf4 Qa6 17. Bxe5 dxe5 18. Qd2 Kg7 19. Qg5 Qd6 20. Rf3 Rxf3 21. Bxf3 Rf8 22. h4 h6 23. Qg3 Rf4 24. Rf1 Qf6 25. Be2 Qxh4 26. Qxh4 Rxh4 27. g3 Rxe4 28. Kf2 h5 29. Rd1 Rxe2+ 30. Kxe2 Bg4+ 31. Kd2 Bxd1 32. Kxd1 Kf6 33. Ke2 e4 0-1

[Event "Olympiad Women-43"]
[Site "Batumi"]
[Date "2018.10.05"]
[Round "11.4"]
[White "Radosevic, Nevena"]
[Black "Sarmiento Robles, Paula Andrea"]
[Result "1/2-1/2"]
[WhiteElo "1600"]
[BlackElo "1750"]
[PlyCount "85"]
[EventDate "2018.09.24"]
[EventType "team-swiss"]
[EventRounds "11"]
[EventCountry "GEO"]
[SourceTitle "EXT 2020"]
[Source "ChessBase"]
[SourceDate "2019.10.17"]
[SourceVersion "1"]
[SourceVersionDate "2019.10.17"]
[SourceQuality "1"]
[WhiteTeam "Montenegro (W)"]
[BlackTeam "Ecuador (W)"]
[WhiteTeamCountry "MNE"]
[BlackTeamCountry "ECU"]

1. d4 d5 2. c4 e6 3. Nc3 Nf6 4. Bg5 Be7 5. e3 Nbd7 6. Nf3 h6 7. Bh4 0-0 8. Qc2 a6 9. cxd5 exd5 10. Rc1 c6 11. Bd3 Re8 12. 0-0 Ne4 13. Bxe7 Qxe7 14. Rfe1 Ndf6 15. Nd2 Bf5 16. f3 Nxc3 17. bxc3 Bxd3 18. Qxd3 Qa3 19. Qc2 Re6 20. Qb3 Qe7 21. c4 Re8 22. Kf2 dxc4 23. Nxc4 Nd5 24. e4 f5 25. Ne5 fxe4 26. Rxe4 Qb4 27. Qxb4 Nxb4 28. Rb1 Nxa2 29. Rxb7 c5 30. Rg4 g5 31. h4 cxd4 32. Rxd4 R8e7 33. Rxe7 Rxe7 34. Ng6 Re6 35. h5 Nc3 36. Rd8+ Kg7 37. Rd7+ Kg8 38. Rd8+ Kg7 39. Rd7+ Kg8 40. Ne7+ Kf7 41. Nf5+ Kg8 42. Ne7+ Kf7 43. Ng6+ 1/2-1/2

[Event "Olympiad Women-43"]
[Site "Batumi"]
[Date "2018.10.03"]
[Round "9.4"]
[White "Qin, Joy Shu Yan"]
[Black "Radosevic, Nevena"]
[Result "1/2-1/2"]
[WhiteElo "1727"]
[BlackElo "1600"]
[PlyCount "81"]
[EventDate "2018.09.24"]
[EventType "team-swiss"]
[EventRounds "11"]
[EventCountry "GEO"]
[SourceTitle "EXT 2020"]
[Source "ChessBase"]
[SourceDate "2019.10.17"]
[SourceVersion "1"]
[SourceVersionDate "2019.10.17"]
[SourceQuality "1"]
[WhiteTeam "New Zealand (W)"]
[BlackTeam "Montenegro (W)"]
[WhiteTeamCountry "NZL"]
[BlackTeamCountry "MNE"]

1. e4 c5 2. c3 Nf6 3. e5 Nd5 4. d4 cxd4 5. Nf3 e6 6. cxd4 d6 7. Bc4 Be7 8. 0-0 0-0 9. Nc3 dxe5 10. Nxe5 Nc6 11. Nf3 Nxc3 12. bxc3 Qc7 13. Bd3 Rd8 14. Re1 b6 15. Qe2 Bb7 16. Ng5 g6 17. Qe3 Bxg5 18. Qxg5 Rd5 19. Qf6 Qd8 20. Qf3 Na5 21. Be4 Rf5 22. Qe2 Bxe4 23. Qxe4 Qd5 24. Bf4 Qxe4 25. Rxe4 Rc8 26. Rc1 Rd5 27. h3 Nc4 28. Re2 g5 29. Bg3 Rc6 30. f4 h6 31. Kh1 Kg7 32. fxg5 hxg5 33. Rce1 Na3 34. Rc1 f6 35. Bf2 Kf7 36. Rce1 Nc4 37. Bg3 Na3 38. Bf2 Nc4 39. Bg3 Na3 40. Bf2 Nc4 41. Bg3 1/2-1/2

[Event "Djenovici TS02 FM"]
[Site "Djenovici"]
[Date "2018.02.25"]
[Round "14"]
[White "Kumar, Naman"]
[Black "Radosevic, Nevena"]
[Result "1-0"]
[WhiteElo "2004"]
[BlackElo "1589"]
[PlyCount "35"]
[EventDate "2018.02.17"]
[EventType "tourn"]
[EventRounds "14"]
[EventCountry "MNE"]
[SourceTitle "CBM 183 Extra"]
[Source "ChessBase"]
[SourceDate "2018.04.19"]
[SourceVersion "1"]
[SourceVersionDate "2018.04.19"]
[SourceQuality "1"]

1. e4 c5 2. Nf3 e6 3. d4 cxd4 4. Nxd4 Nc6 5. Nc3 a6 6. Be3 Qc7 7. Qd2 Nf6 8. f3 Bb4 9. 0-0-0 0-0 10. g4 Rd8 11. g5 Ne8 12. Kb1 Nxd4 13. Bxd4 e5 14. Be3 Bxc3 15. Qxc3 Qxc3 16. bxc3 d6 17. Bb6 Rd7 18. Bh3 1-0

[Event "Djenovici TS02 FM"]
[Site "Djenovici"]
[Date "2018.02.23"]
[Round "10"]
[White "Farkas, Sandor I"]
[Black "Radosevic, Nevena"]
[Result "1/2-1/2"]
[WhiteElo "1952"]
[BlackElo "1589"]
[PlyCount "28"]
[EventDate "2018.02.17"]
[EventType "tourn"]
[EventRounds "14"]
[EventCountry "MNE"]
[SourceTitle "CBM 183 Extra"]
[Source "ChessBase"]
[SourceDate "2018.04.19"]
[SourceVersion "1"]
[SourceVersionDate "2018.04.19"]
[SourceQuality "1"]

1. e4 c5 2. Nf3 e6 3. d4 cxd4 4. Nxd4 Nc6 5. Nb5 d6 6. Bf4 Ne5 7. Qd4 a6 8. N5a3 Ng6 9. Be3 Nf6 10. Be2 b5 11. c3 Bb7 12. Bf3 e5 13. Qd3 d5 14. exd5 Bxd5 1/2-1/2

[Event "Djenovici TS02 FM"]
[Site "Djenovici"]
[Date "2018.02.18"]
[Round "2"]
[White "Tomic, Danilo"]
[Black "Radosevic, Nevena"]
[Result "0-1"]
[WhiteElo "1653"]
[BlackElo "1589"]
[PlyCount "102"]
[EventDate "2018.02.17"]
[EventType "tourn"]
[EventRounds "14"]
[EventCountry "MNE"]
[SourceTitle "CBM 183 Extra"]
[Source "ChessBase"]
[SourceDate "2018.04.19"]
[SourceVersion "1"]
[SourceVersionDate "2018.04.19"]
[SourceQuality "1"]

1. e4 c5 2. Nf3 e6 3. d4 cxd4 4. Nxd4 Nc6 5. Nxc6 bxc6 6. Bd3 d5 7. exd5 cxd5 8. 0-0 Nf6 9. Re1 Be7 10. Nc3 Rb8 11. Bb5+ Bd7 12. a4 0-0 13. Bf4 Rb7 14. Rb1 Bxb5 15. Nxb5 a6 16. Nd4 Qd7 17. c3 Rc8 18. Be5 Ne8 19. Re3 Bd6 20. h3 Bxe5 21. Rxe5 Rc4 22. a5 Qc7 23. Qe1 Nf6 24. Rg5 Qf4 25. Rg3 Ne4 26. Rg4 Qc7 27. f3 Nf6 28. Rg5 h6 29. Re5 Qxa5 30. Re2 Qb6 31. b3 Rc8 32. Rc2 Rbc7 33. Rd1 Nd7 34. Qe3 g6 35. Qxh6 e5 36. h4 exd4 37. Rxd4 Rxc3 38. Rcd2 Rxb3 39. Kh2 Qc7+ 40. Kh3 Rb1 41. f4 Rh1+ 42. Kg3 Nf6 43. R2d3 Nh5+ 44. Kf3 Qe7 45. Re3 Qxh4 46. Rxd5 Rf1+ 47. Ke4 Nf6+ 48. Ke5 Qxh6 49. Kxf6 Qxf4+ 50. Ke7 Qxe3+ 51. Kd7 Qe6# 0-1

[Event "St Petersburg Summer op"]
[Site "St Petersburg"]
[Date "2016.08.24"]
[Round "8"]
[White "Radosevic, Nevena"]
[Black "Afanasiev, Nikita A"]
[Result "0-1"]
[WhiteElo "1589"]
[BlackElo "1716"]
[PlyCount "76"]
[EventDate "2016.08.17"]
[EventType "swiss"]
[EventRounds "9"]
[EventCountry "RUS"]
[SourceTitle "CBM 174 Extra"]
[Source "ChessBase"]
[SourceDate "2016.10.10"]
[SourceVersion "1"]
[SourceVersionDate "2016.10.10"]
[SourceQuality "1"]

1. d4 Nf6 2. c4 e6 3. Nc3 Bb4 4. Qc2 Bxc3+ 5. Qxc3 b6 6. Nf3 Bb7 7. e3 0-0 8. Be2 Na6 9. 0-0 c5 10. a3 d5 11. Rd1 Rc8 12. dxc5 Nxc5 13. b4 Nce4 14. Qe1 Qe7 15. cxd5 Bxd5 16. h3 Nc3 17. Rd2 Nfe4 18. Rb2 Qf6 19. Nd4 Nxe2+ 20. Rxe2 Qg6 21. f3 Ng5 22. h4 Nxf3+ 23. Nxf3 Bxf3 24. Rf2 Bd5 25. Bb2 Rc4 26. Rd2 Rg4 27. Qf2 f6 28. Rc1 Rxg2+ 29. Qxg2 Bxg2 30. Rxg2 Qe4 31. Rc7 Qxe3+ 32. Kh1 Qe1+ 33. Kh2 Qxh4+ 34. Kg1 Qe1+ 35. Kh2 g6 36. Rxa7 Qh4+ 37. Kg1 Rd8 38. Re2 Qg3+ 0-1

[Event "St Petersburg Summer op"]
[Site "St Petersburg"]
[Date "2016.08.19"]
[Round "3"]
[White "Efremov, Vladislav"]
[Black "Radosevic, Nevena"]
[Result "1-0"]
[WhiteElo "1937"]
[BlackElo "1589"]
[PlyCount "89"]
[EventDate "2016.08.17"]
[EventType "swiss"]
[EventRounds "9"]
[EventCountry "RUS"]
[SourceTitle "CBM 174 Extra"]
[Source "ChessBase"]
[SourceDate "2016.10.10"]
[SourceVersion "1"]
[SourceVersionDate "2016.10.10"]
[SourceQuality "1"]

1. d4 d5 2. c4 e6 3. Nf3 Nf6 4. Bg5 Be7 5. e3 0-0 6. Nbd2 Nbd7 7. Qc2 dxc4 8. Bxc4 b6 9. Bd3 Bb7 10. Ne5 h6 11. Bxf6 Nxf6 12. Nc6 Bxc6 13. Qxc6 Qd5 14. Bb5 a6 15. Qxd5 Nxd5 16. Bc6 Ra7 17. a3 Bd6 18. Rc1 Ne7 19. Ke2 Rd8 20. Rc2 f6 21. Rhc1 Kf7 22. Ne4 b5 23. Nd2 Nxc6 24. Rxc6 a5 25. Ne4 Ke7 26. Nxd6 cxd6 27. Rb6 b4 28. axb4 axb4 29. Rxb4 Rdd7 30. Rb8 Ra2 31. h4 d5 32. Kf3 Kf7 33. b4 Rb2 34. b5 Ra7 35. h5 e5 36. dxe5 fxe5 37. Rc5 e4+ 38. Kg3 Rd7 39. b6 Ke7 40. Rc6 Rd6 41. Rc7+ Rd7 42. Rg8 Ke6 43. Rxd7 Kxd7 44. Rxg7+ Ke8 45. Rg6 1-0

[Event "MNT-ch (Women)"]
[Site "Pljevlja"]
[Date "2015.07.30"]
[Round "6"]
[White "Radosevic, Nevena"]
[Black "Ajanovic, Berina"]
[Result "1-0"]
[WhiteElo "1517"]
[BlackElo "1336"]
[PlyCount "53"]
[EventDate "2015.07.25"]
[EventType "tourn"]
[EventRounds "7"]
[EventCountry "MNE"]
[SourceTitle "CBM 167 Extra"]
[Source "ChessBase"]
[SourceDate "2015.09.14"]
[SourceVersion "1"]
[SourceVersionDate "2015.09.14"]
[SourceQuality "1"]

1. d4 Nf6 2. c4 e6 3. Nc3 c5 4. d5 exd5 5. cxd5 d6 6. e4 g6 7. f4 Bg7 8. e5 Nfd7 9. Nf3 dxe5 10. Bb5 exf4 11. Qe2+ Kf8 12. Bxf4 a6 13. Bd3 b5 14. Be4 Ra7 15. 0-0-0 b4 16. Na4 a5 17. Rhf1 h6 18. Bxg6 fxg6 19. Ne5 Nf6 20. Nxg6+ Kf7 21. Bxb8 Re8 22. Qc2 Ra8 23. Bg3 Ba6 24. Ne5+ Kg8 25. Rf2 Nxd5 26. Qg6 Re7 27. Bh4 1-0

[Event "MNT-ch (Women)"]
[Site "Pljevlja"]
[Date "2015.07.27"]
[Round "3"]
[White "Delevic, Nina"]
[Black "Radosevic, Nevena"]
[Result "0-1"]
[WhiteElo "1777"]
[BlackElo "1517"]
[PlyCount "92"]
[EventDate "2015.07.25"]
[EventType "tourn"]
[EventRounds "7"]
[EventCountry "MNE"]
[SourceTitle "CBM 167 Extra"]
[Source "ChessBase"]
[SourceDate "2015.09.14"]
[SourceVersion "1"]
[SourceVersionDate "2015.09.14"]
[SourceQuality "1"]

1. c4 Nf6 2. g3 c5 3. Bg2 e6 4. Nf3 Qc7 5. Nc3 a6 6. d3 Nc6 7. 0-0 Be7 8. a3 0-0 9. Rb1 Rb8 10. Bf4 Bd6 11. Bxd6 Qxd6 12. Qa4 Na7 13. b4 b5 14. bxc5 Qxc5 15. Qb3 d5 16. cxb5 Nxb5 17. Na4 Qd6 18. Qb4 Qxb4 19. Rxb4 Bd7 20. Rfb1 a5 21. R4b3 Nxa3 22. Rxb8 Nxb1 23. Rxf8+ Kxf8 24. Nc5 Ke7 25. Nb3 a4 26. Na1 Kd6 27. d4 Nc3 28. Kf1 Bb5 29. Ne5 Nxe2 30. Nxf7+ Ke7 31. Ng5 Nxd4+ 32. Ke1 h6 33. Nf3 Nxf3+ 34. Bxf3 Kd6 35. Kd2 e5 36. Kc3 Kc5 37. Nc2 d4+ 38. Kb2 e4 39. Bd1 Nd5 40. Na3 Nb6 41. Nc2 Nd5 42. Na3 e3 43. fxe3 dxe3 44. Nxb5 Kxb5 45. Bf3 Kc4 46. Be2+ Kb4 0-1

[Event "Belgrade Trophy 28th"]
[Site "Belgrade"]
[Date "2014.11.27"]
[Round "4"]
[White "Radosevic, Nevena"]
[Black "Vulinovic, Radivoje"]
[Result "0-1"]
[WhiteElo "1467"]
[BlackElo "2219"]
[PlyCount "124"]
[EventDate "2014.11.24"]
[EventType "swiss"]
[EventRounds "9"]
[EventCountry "SRB"]
[SourceTitle "CBM 163 Extra"]
[Source "ChessBase"]
[SourceDate "2014.12.23"]
[SourceVersion "1"]
[SourceVersionDate "2014.12.23"]
[SourceQuality "1"]

1. d4 d5 2. c4 e6 3. Nc3 Be7 4. Nf3 Nf6 5. Bg5 h6 6. Bh4 0-0 7. e3 b6 8. cxd5 Nxd5 9. Bxe7 Qxe7 10. Nxd5 exd5 11. Qb3 Be6 12. Rc1 c5 13. Qa3 Rc8 14. Be2 Kf8 15. 0-0 c4 16. Qxe7+ Kxe7 17. Nd2 Nc6 18. Rfd1 Rd8 19. Nb1 b5 20. Nc3 Rab8 21. f3 f5 22. h3 Bf7 23. Kf2 Kf6 24. Bf1 Re8 25. Rd2 Rb7 26. Re1 b4 27. Na4 Rbe7 28. Nc5 a5 29. Rdd1 Ra8 30. b3 c3 31. Bd3 Rd8 32. Bc2 g5 33. g3 Rde8 34. f4 Ra8 35. Bd3 Nb8 36. Bc2 Be8 37. a4 Nc6 38. Bb1 Nd8 39. Bc2 Nf7 40. Bb1 Nd6 41. Bc2 Rc7 42. Rc1 Bf7 43. Re2 Ne4+ 44. Nxe4+ dxe4 45. Ree1 Rb8 46. Re2 Bd5 47. Ree1 Ra7 48. Rg1 Rba8 49. Rcd1 Bb7 50. Rc1 Ba6 51. fxg5+ hxg5 52. g4 Bd3 53. Rgd1 Bxc2 54. Rxc2 fxg4 55. hxg4 Rh7 56. Rf1 Ke6 57. Kg3 Rah8 58. Rg2 Rh3+ 59. Kf2 Rf8+ 60. Ke1 Rxe3+ 61. Re2 Rxe2+ 62. Kxe2 Rxf1 0-1

[Event "EU-ch U18 Girls 23rd"]
[Site "Budva"]
[Date "2013.10.08"]
[Round "9"]
[White "Radosevic, Nevena"]
[Black "Korbovljanovic, Natasa"]
[Result "1-0"]
[WhiteElo "1449"]
[BlackElo "1897"]
[PlyCount "63"]
[EventDate "2013.09.29"]
[EventType "swiss"]
[EventRounds "9"]
[EventCountry "MNE"]
[SourceTitle "CBM 156 Extra"]
[Source "ChessBase"]
[SourceDate "2013.10.22"]
[SourceVersion "1"]
[SourceVersionDate "2013.10.22"]
[SourceQuality "1"]

1. d4 d5 2. c4 c6 3. Nf3 Nf6 4. Nc3 e6 5. e3 Bd6 6. Bd3 Nbd7 7. 0-0 0-0 8. b3 Re8 9. Bb2 dxc4 10. Bxc4 b5 11. Be2 b4 12. Na4 Bb7 13. Rc1 Rc8 14. Nd2 e5 15. Nc4 Bb8 16. dxe5 Nxe5 17. Qc2 Nfg4 18. Nxe5 Nxe5 19. Nc5 Qc7 20. g3 Ba8 21. Rfd1 Qe7 22. Bxe5 Qxe5 23. Rd7 Red8 24. Ba6 Rxd7 25. Nxd7 Qc7 26. Bxc8 Qxc8 27. Nxb8 Qxb8 28. Qc5 h6 29. Rc4 a5 30. Qxa5 c5 31. Qxc5 Kh7 32. Qf5+ 1-0

[Event "EU-ch U18 Girls 23rd"]
[Site "Budva"]
[Date "2013.09.30"]
[Round "2"]
[White "Radosevic, Nevena"]
[Black "Nikolovska, Dragana"]
[Result "0-1"]
[WhiteElo "1449"]
[BlackElo "1861"]
[PlyCount "40"]
[EventDate "2013.09.29"]
[EventType "swiss"]
[EventRounds "9"]
[EventCountry "MNE"]
[SourceTitle "CBM 156 Extra"]
[Source "ChessBase"]
[SourceDate "2013.10.22"]
[SourceVersion "1"]
[SourceVersionDate "2013.10.22"]
[SourceQuality "1"]

1. d4 d5 2. c4 Bf5 3. Nc3 e6 4. b3 Nc6 5. a3 dxc4 6. d5 exd5 7. Qxd5 Qxd5 8. Nxd5 0-0-0 9. bxc4 Nd4 10. Ne3 Nb3 11. Bb2 Nxa1 12. Bxa1 Bxa3 13. f3 Bb4+ 14. Kf2 Ne7 15. Bxg7 Rhe8 16. g4 Bg6 17. h4 Bc5 18. Bh6 Nc6 19. Nh3 Rd1 20. Bf4 a5 0-1

[Event "EU-ch U18 Girls 23rd"]
[Site "Budva"]
[Date "2013.09.29"]
[Round "1"]
[White "Turk, Tajana"]
[Black "Radosevic, Nevena"]
[Result "1-0"]
[WhiteElo "1936"]
[BlackElo "1449"]
[PlyCount "83"]
[EventDate "2013.09.29"]
[EventType "swiss"]
[EventRounds "9"]
[EventCountry "MNE"]
[SourceTitle "CBM 156 Extra"]
[Source "ChessBase"]
[SourceDate "2013.10.22"]
[SourceVersion "1"]
[SourceVersionDate "2013.10.22"]
[SourceQuality "1"]

1. d4 Nf6 2. Nf3 b6 3. e3 e6 4. Bd3 Bb7 5. Nbd2 Be7 6. 0-0 0-0 7. c4 c5 8. Qc2 Nc6 9. a3 Rc8 10. b3 Qc7 11. Bb2 cxd4 12. exd4 d5 13. Rac1 Rfd8 14. cxd5 Rxd5 15. Ne4 Rd7 16. Nxf6+ Bxf6 17. Bxh7+ Kh8 18. Qb1 Qf4 19. Be4 Nxd4 20. Rxc8+ Bxc8 21. Bxd4 Bxd4 22. Rc1 Ba6 23. g3 Qf6 24. b4 Qd8 25. b5 Bc8 26. Qc2 Bc5 27. Ne5 Rc7 28. Nc6 Qf6 29. Qe2 g6 30. a4 Bd7 31. Rd1 Bxc6 32. bxc6 Qe7 33. h4 f5 34. Bg2 f4 35. Qe5+ Kg8 36. Qxf4 Kg7 37. Qe5+ Kg8 38. h5 gxh5 39. Qxh5 Qf7 40. Qg5+ Qg7 41. Rd8+ Kf7 42. Qf4+ 1-0

[Event "MNT-ch 65th"]
[Site "Cetinje"]
[Date "2013.07.25"]
[Round "6"]
[White "Lakusic, Zoran"]
[Black "Radosevic, Nevena"]
[Result "1/2-1/2"]
[WhiteElo "1649"]
[BlackElo "1463"]
[PlyCount "169"]
[EventDate "2013.07.20"]
[EventType "swiss"]
[EventRounds "9"]
[EventCountry "MNE"]
[SourceTitle "CBM 155 Extra"]
[Source "ChessBase"]
[SourceDate "2013.08.26"]
[SourceVersion "1"]
[SourceVersionDate "2013.08.26"]
[SourceQuality "1"]

1. e4 c5 2. Nf3 e6 3. Bc4 Nc6 4. d4 cxd4 5. Nxd4 Qc7 6. 0-0 Nf6 7. Re1 d6 8. Nc3 a6 9. Bg5 Be7 10. Bxf6 Bxf6 11. Nde2 0-0 12. Bb3 b5 13. Rb1 Bb7 14. Nf4 Rfe8 15. Nh5 Bxc3 16. bxc3 Qe7 17. Qg4 g6 18. Re3 Ne5 19. Qg3 Kh8 20. f4 Rg8 21. fxe5 gxh5 22. Qf3 Rg5 23. exd6 Qxd6 24. h4 Rg7 25. Rd1 Qb6 26. Kh2 Rag8 27. Re2 Qc7+ 28. Kg1 Qc5+ 29. Kf1 Bc6 30. Qf6 Qb6 31. Rd6 Qb7 32. Bd5 exd5 33. Rxc6 Qd7 34. Rd6 Qg4 35. Rxd5 Qg6 36. Qxg6 hxg6 37. Rd6 Ra8 38. Rf2 Rc8 39. Rf3 Rc4 40. Rxa6 Rxe4 41. g3 f5 42. Ra5 Rge7 43. Rxb5 Ra4 44. Rb2 Rea7 45. Ke2 Kg7 46. Rf4 Rxa2 47. Rxa2 Rxa2 48. Kd2 Kf6 49. Rb4 Ra1 50. Rb6+ Kf7 51. c4 Rg1 52. Rb3 Rg2+ 53. Kc1 Ke6 54. Rd3 f4 55. gxf4 Rg4 56. Rd4 Rxh4 57. Kd2 Rh2+ 58. Kd3 h4 59. c5 Rh1 60. Ke4 h3 61. Rd6+ Ke7 62. Kf3 Rg1 63. Rd2 g5 64. fxg5 Rxg5 65. c6 Rc5 66. Kg3 Rxc6 67. Kxh3 Ke6 68. Kg3 Ke5 69. Kf3 Rc3+ 70. Ke2 Ke4 71. Kd1 Ke3 72. Rd8 Rc4 73. Kc1 Rd4 74. Re8+ Re4 75. Rxe4+ Kxe4 76. Kb2 Kd5 77. Kb3 Kc5 78. c4 Kc6 79. Kb4 Kb6 80. c5+ Kc7 81. Kb5 Kb7 82. c6+ Kc7 83. Kc5 Kc8 84. Kd6 Kd8 85. Kd5 1/2-1/2